000 00375pab a2200157 454500
008 180718b2007 xxu||||| |||| 00| 0 eng d
100 _aShah, A.M.
245 _aPurity, impurity, untouchability: then and now
260 _c2007
300 _ap.355-68.
362 _aSep-Dec
650 _aUntouchables
773 _aSociological Bulletin
908 _aN
909 _a77440
999 _c77440
_d77440